| 000 | 00458nam a2200193Ia 4500 | ||
|---|---|---|---|
| 005 | 20240823015348.0 | ||
| 008 | 240823s9999||||xx |||||||||||||| ||und|| | ||
| 020 | _a81-8014-019-9 | ||
| 041 | _aENGLISH | ||
| 082 | _A624.17 P3 | ||
| 100 | _aKukreja C B | ||
| 245 | 0 | _aStructural Mechanics | |
| 250 | _a2nd | ||
| 260 |
_c2003 _b"Standard Publihers Distributors," |
||
| 500 | _aYES | ||
| 650 |
_aMechanics _bMechanical |
||
| 942 | _cBK | ||
| 999 |
_c172249 _d172249 |
||